| 000 | 00831cam a2200265 a 4500 | ||
|---|---|---|---|
| 020 | _a9780821369517 | ||
| 020 | _a0821369512 | ||
| 020 | _a0821369520 (electronic) | ||
| 020 | _a9780821369524 (electronic) | ||
| 040 | _cDLC | ||
| 082 | 0 | 0 | _a363 WOR 2007 A021 Or. |
| 245 | 0 | 4 |
_aThe global family planning revolution : _bthree decades of population policies and programs / |
| 260 |
_aWashington, D.C. : _bWorld Bank, _cc2007. |
||
| 300 |
_axviii, 470 p. : _bill. ; _c26 cm. |
||
| 500 | _aIncludes twenty-three case studies. | ||
| 650 | 0 | _aPopulation policy | |
| 650 | 0 | _aFamily planning | |
| 650 | 0 | _aContraception | |
| 650 | 0 | _aFertility, Human | |
| 650 | 0 | _aPopulation | |
| 700 | 1 | _aRobinson, Warren C., | |
| 700 | 1 | _aRoss, John A., | |
| 856 | 4 | 1 | _uhttp://www.loc.gov/catdir/toc/ecip079/2007003152.html |
| 942 | _cEK | ||
| 999 |
_c12567 _d12567 |
||